000 01210nam a22003017a 4500
005 20240530110411.0
008 150216s2011 ua coe a 001 0 ara d
017 _a10326//2010
_bمصر . دار الكتب المصرية
020 _a977144235
040 _aEG-CaGPL
041 0 _aara
082 0 4 _221
_a621.8
_bط/س آ
100 1 _aسنوو ، كارولين
_qكارولين سنوو
245 1 2 _aالالات والبناء :
_bاستخدام الالات البسيطة /
_cتاليف كارولين سنوو ؛ ترجمة هالة على حسنين ؛ اشراف داليا محمد ابراهيم
250 _aط1
260 _aالقاهرة :
_bنهضة مصر للنشر ،
_c2011
300 _a32 ص :
_bايض ؛
_c28 سم
490 0 _aناشيونال جيوجرافيك
650 0 4 _aالالات
_xتصميم
650 0 4 _aالات البناء
650 0 4 _aمواد البناء
650 0 4 _aالبناء
_xمواصفات الامان
650 0 4 _aالمساكن
_xالات البناء
700 0 _aهالة على حسنين
_eمترجم
700 0 _aداليا محمد ابراهيم
_eمشرف
942 _2ddc
_cBK
999 _c60458
_d60458